000 00899nam a2200253Ia 4500
003 OSt
005 20220930071156.0
006 a|||||r|||| 00| 0
007 ta
008 220926b |||||||| |||| 00| 0 eng d
024 _a8066
037 _cTheses
040 _aCRL
_cCRL
_beng
041 _2eng
_aeng
100 _aWadera Priti
_9528073
110 _aUniversity of Delhi. Faculty of Medical Sciences. Department of Obstetrics and Gynaecology
245 0 _aUse of 15(S) 15 methyl prostaglandins F/sub/2 Alha (Carboprost Tromethamine) intra muscularly in induction of labour at term
260 _c1988
650 _aWOMEN - DISEASES
700 _a Dr Manorma Singh Supervisor
_9520528
700 _aUniversity of Delhi. Faculty of Medical Sciences. Department of Obstetrics and Gynaecology
942 _cDIS
_2CC
999 _c861953
_d861953